000 00315nam a2200133Ia 4500
005 20260328104339.0
008 260328s9999||||xx |||||||||||||| ||und||
100 _aJodidio, philip
245 0 _aSir Norman Foster /
_cphilip Jodidio
260 _bTaschen
300 _a175 p.
650 _aARQUITECTOS
942 _cBK
999 _c12026
_d12026